000 00475cam a2200193ua 4500
001 10761
005 20260515114646.0
008 190402n ii |||gr||||Z||||||asm
040 _cMAIN
041 _aasm
082 _a004
100 _aDevojyoti Bora,
_eAuthor.
245 _aComputer hardware (A)
_cBy Devojyoti Bora
250 _a2nd ed.
260 _aJorhat:
_bUnika prakashan,
_c2012.
300 _a214p.
653 _aData processing & computer science
942 _cBK
999 _c9716
_d9716